Translation as archiving ideas and their form: Phule’s poetics on education (Record no. 533156)

000 -LEADER
fixed length control field 00704nam a22001457a 4500
008 - FIXED-LENGTH DATA ELEMENTS--GENERAL INFORMATION
fixed length control field 260427b ||||| |||| 00| 0 eng d
100 ## - MAIN ENTRY--PERSONAL NAME
Personal name Ingole, Anagha
245 ## - TITLE STATEMENT
Title Translation as archiving ideas and their form: Phule’s poetics on education
260 ## - PUBLICATION, DISTRIBUTION, ETC. (IMPRINT)
Place of publication, distribution, etc Economic & Political Weekly
300 ## - PHYSICAL DESCRIPTION
Extent 61(8), Feb 21, 2026: p.26-27
520 ## - SUMMARY, ETC.
Summary, etc The Third Eye and Other Works: Mahatma Phule’s Writings on Education by Rohini Mokashi-Punekar, New Delhi: Orient BlackSwan, 2023; pp 248, ₹855.-Reproduced

https://www.epw.in/journal/2026/8/book-reviews/translation-archiving-ideas-and-their-form.html
773 ## - HOST ITEM ENTRY
Main entry heading Economic & Political Weekly
906 ## - LOCAL DATA ELEMENT F, LDF (RLIN)
Subject DIP BOOK REVIEW
942 ## - ADDED ENTRY ELEMENTS (KOHA)
Item type Articles
Holdings
Withdrawn status Lost status Source of classification or shelving scheme Damaged status Not for loan Permanent location Current location Date acquired Serial Enumeration / chronology Barcode Date last seen Koha item type
          Indian Institute of Public Administration Indian Institute of Public Administration 2026-04-27 61(8), Feb 21, 2026: p.26-27 AR138667 2026-04-27 Articles

Powered by Koha